[Event "V Copa Marcel Duchamp 2022"]
[Site "Montevideo"]
[Date "2022.02.16"]
[Round "6.17"]
[White "Fernandez, Maria Florencia"]
[Black "Visillac, Alejandro"]
[Result "1-0"]
[WhiteElo "2200"]
[BlackElo "1814"]
[Annotator "TA"]
[PlyCount "60"]
[EventDate "2022.02.12"]
[EventCountry "URU"]
[SourceTitle "playchess.com"]
[Source "ChessBase"]
[SourceQuality "1"]

{[%evp 17,60,19,18,25,59,6,5,8,31,31,39,39,43,47,35,32,51,4,69,70,218,149,142,141,127,137,205,225,242,203,306,314,304,257,291,251,335,335,473,462,497,497,575,494,525]} 1. d4 e6 2. c4 f5 3. Nc3 Nf6 4. Nf3 c6 5. g3 d5 6. Bg2 Bd6 7. O-O O-O 8. b3 Ne4 9. Bb2 Nd7 10. e3 {A90: Dutch Defence: Miscellaneous and Modern Stonewall (with ...Bd6).} Ndf6 11. Nd2 (11. Ne2 $14) 11... Nxc3 $11 12. Bxc3 {The position is equal.} Ne4 13. Nxe4 fxe4 14. f3 Qg5 {[#]} 15. Qe2 $146 ({Predecessor:} 15. f4 Qe7 16. c5 Bc7 17. a4 b6 18. Bb4 Ba6 19. Rf2 Rfb8 20. cxb6 Qxb4 21. bxc7 Rb7 22. Qg4 Re8 23. Qxe6+ {1-0 (23) Sarkio,L (2011)-Nieminen,M (2010) Naantali 2018}) 15... exf3 16. Bxf3 Bd7 17. Bd2 (17. c5 $14 Be7 18. e4) 17... Qg6 (17... dxc4 $11 18. bxc4 e5) 18. e4 $14 Rae8 ({Better is} 18... h6 $14) 19. Bh5 ({Weaker is} 19. cxd5 exd5 20. e5 Bh3 $11) 19... Qxe4 20. Qxe4 dxe4 21. Bxe8 {White is more active.} Bxe8 (21... Rxe8 $16 22. Rae1 e5) 22. Rxf8+ $18 Kxf8 $16 {[%mdl 4096] Endgame KRB-KB} 23. Rf1+ Ke7 (23... Kg8 {was necessary.} 24. Bf4 Be7) 24. c5 $18 Bc7 25. Bg5+ Kd7 26. Bf4 {[#] Bxc7 is the strong threat.} Bxf4 27. Rxf4 ({Don't play} 27. gxf4 $6 Bg6 28. Kf2 Ke7 $18) 27... Bg6 (27... e3 {was called for.} 28. Re4 Ke7) 28. Rf8 {White is clearly winning.} e5 29. dxe5 Ke6 30. Kf2 Kxe5 {Weighted Error Value: White=0.14 (very precise) /Black=0.45} 1-0

[Event "V Copa Marcel Duchamp 2022"]
[Site "Montevideo"]
[Date "2022.02.16"]
[Round "6.18"]
[White "Moccero, Eduardo"]
[Black "Muniz, Rafael"]
[Result "0-1"]
[WhiteElo "1919"]
[BlackElo "2194"]
[Annotator "TA"]
[PlyCount "40"]
[EventDate "2022.02.12"]
[EventCountry "URU"]
[SourceTitle "playchess.com"]
[Source "ChessBase"]
[SourceQuality "1"]

{[%evp 9,40,0,62,-64,-52,-46,-50,-69,-63,-121,-92,-93,-95,-95,-97,-94,-86,-148,-114,-103,-85,-79,-26,-32,-17,-91,-87,-334,-199,-303,-302,-465,-465]} 1. d4 Nf6 2. Nf3 g6 3. c4 Bg7 4. Nc3 O-O 5. h3 c5 (5... d5 $11) 6. Bf4 {E61: King's Indian: Early deviations for White, including Smyslov System.} (6. d5 $1 $14) 6... cxd4 $1 $15 7. Nxd4 d6 {[#] And now ...e5 would win.} 8. Bh2 {[#] Black is slightly better.} Qb6 $146 ({Predecessor:} 8... Nbd7 9. e3 Nc5 10. Be2 Nfe4 11. Rc1 Nxc3 12. Rxc3 Ne4 13. Ra3 Qb6 14. f3 Qb4+ {0-1 (48) Gelzinnus,S (1494)-Seifert,K (1737) Dresden 2006}) 9. Qd3 (9. Rb1 $15) 9... Nc6 10. e3 Nxd4 11. exd4 Qxb2 12. Rb1 Qa3 {[#] aiming for ...Bf5. Black is more active.} 13. Rb3 ({White should play} 13. Qd2) 13... Qa5 14. Be2 a6 {[%cal Ob7b5] White must now prevent ...b5!} 15. O-O e5 (15... Bf5 $6 16. Qe3 $11) (15... b5 $17 {...Be6 is the strong threat.} 16. cxb5 Be6) 16. dxe5 $1 $11 dxe5 17. Bf3 (17. Qe3 $11 {remains equal.}) 17... Be6 $17 18. Re1 $2 (18. Bxb7 $17 {keeps fighting.} Rad8 19. Nd5 (19. Qe2 Rd4 $17)) 18... b5 (18... e4 $142 19. Bxe4 Nxe4 20. Rxe4 Bf5) 19. Rxe5 ({Avoid the trap} 19. Bxa8 $2 bxc4 20. Ra3 Qxa3 $19) (19. Qd6 $142 Rad8 20. Ra3 Rxd6 21. Rxa5 Bxc4 22. Rxe5) 19... Rad8 $19 ({Weaker is} 19... bxc4 20. Qe2 Qd8 21. Rb1 $15) 20. Qe3 (20. Qf1 $142) 20... Bxc4 {Weighted Error Value: White=0.68/Black=0.26 (precise)} 0-1

[Event "V Copa Marcel Duchamp 2022"]
[Site "Montevideo"]
[Date "2022.02.16"]
[Round "6.19"]
[White "Manteiga, Franco"]
[Black "Carvalho, Guillermo"]
[Result "0-1"]
[WhiteElo "1915"]
[BlackElo "2171"]
[Annotator "ChessBase"]
[PlyCount "58"]
[EventDate "2022.02.12"]
[EventCountry "URU"]
[SourceTitle "playchess.com"]
[Source "ChessBase"]
[SourceQuality "1"]
[TimeControl "5400+30"]

1. d4 {[%emt 0:00:10]} d5 {[%emt 0:00:08]} 2. c4 {[%emt 0:00:11]} e6 {[%emt 0:00:09]} 3. Nc3 {[%emt 0:00:18]} c5 {[%emt 0:00:07]} 4. cxd5 {[%emt 0:00:50]} exd5 {[%emt 0:00:23]} 5. Nf3 {[%emt 0:00:30]} Nc6 {[%emt 0:00:05]} 6. dxc5 {[%emt 0:00:10]} d4 {[%emt 0:01:39]} 7. Na4 {[%emt 0:00:06]} Bxc5 {[%emt 0:00:06]} 8. Nxc5 {[%emt 0:00:10]} Qa5+ {[%emt 0:00:03]} 9. Bd2 {[%emt 0:00:11]} Qxc5 {[%emt 0:00:05]} 10. b4 {[%emt 0:00:59]} Qb6 {[%emt 0:03:49]} 11. Rc1 {[%emt 0:25:05]} Nf6 {[%emt 0:06:24]} 12. Qa4 {[%emt 0:07:51]} O-O {[%emt 0:10:03]} 13. b5 {[%emt 0:00:25]} Ne7 {[%emt 0:00:10]} 14. Ba5 {[%emt 0:03:31]} Qd6 {[%emt 0:06:33]} 15. Qxd4 {[%emt 0:01:47]} Qa3 {[%emt 0:02:24]} 16. Qd2 {[%emt 0:22:19]} Ned5 {[%emt 0:08:48]} 17. Rc4 {[%emt 0:01:07]} b6 {[%emt 0:02:40]} 18. Bc3 {[%emt 0:12:56]} Nxc3 {[%emt 0:00:43]} 19. Rxc3 {[%emt 0:00:22]} Qa4 {[%emt 0:00:34]} 20. Qc2 {[%emt 0:02:04]} Qa5 {[%emt 0:02:57]} 21. Nd2 {[%emt 0:00:28]} Bf5 {[%emt 0:05:57]} 22. Qb2 {[%emt 0:06:42]} Rac8 {[%emt 0:09:48]} 23. Rxc8 {[%emt 0:00:22]} Rxc8 {[%emt 0:00:07]} 24. f3 {[%emt 0:00:10]} Rd8 {[%emt 0:00:21]} 25. e3 {[%emt 0:02:02]} Be6 {[%emt 0:02:10]} 26. h4 {[%emt 0:02:02]} h5 {[%emt 0:00:55]} 27. g3 {[%emt 0:00:54]} Nd5 {[%emt 0:04:42]} 28. Kf2 {[%emt 0:00:33]} Nc3 {[%emt 0:01:07]} 29. Ke1 {[%emt 0:04:55]} Nb1 {[%emt 0:00:33]} 0-1

[Event "V Copa Marcel Duchamp 2022"]
[Site "Montevideo"]
[Date "2022.02.16"]
[Round "6.20"]
[White "Davila Texeira, Mario"]
[Black "Granara Barreto, Sebastian"]
[Result "0-1"]
[WhiteElo "1793"]
[BlackElo "2131"]
[Annotator "TA"]
[PlyCount "50"]
[EventDate "2022.02.12"]
[EventCountry "URU"]
[SourceTitle "playchess.com"]
[Source "ChessBase"]
[SourceQuality "1"]

{[%evp 16,50,6,3,36,14,5,7,43,23,31,0,36,28,81,65,139,0,0,0,0,0,0,0,0,-108,-110,-139,7,-155,-147,-220,-222,-29996,-29997,-29997,-29998]} 1. Nf3 Nf6 2. c4 g6 3. b3 Bg7 4. Bb2 O-O 5. g3 d6 6. Bg2 e5 7. d3 Nc6 8. O-O h6 9. Nc3 Be6 {A15: English Opening: 1...Nf6.} 10. h3 Qd7 11. Kh2 Nh7 {[#] The position is equal.} 12. e4 $146 (12. e3 $5 {[%cal Rd3d4]}) ({Predecessor:} 12. Nd5 Ne7 13. Nxe7+ Qxe7 14. b4 f5 15. Nd2 c6 16. b5 d5 17. Qa4 Rfc8 18. bxc6 bxc6 {1-0 (50) Grandelius,N (2663)-Costachi,M (2471) Chess.com INT 2021}) 12... f5 13. exf5 gxf5 14. Qd2 Rf7 (14... f4 $11) 15. Rae1 $16 Raf8 (15... Re8 $14) 16. Nh4 (16. Ne2 $1 $16) 16... f4 $11 17. gxf4 Rxf4 18. Ng6 {[%csl LRf4,LRf8]} Ng5 {Threatens to win with ...Nd4.} 19. Nxf8 Kxf8 20. Re3 (20. Nd5 $11 {keeps the balance.} Nf3+ 21. Bxf3 Rxf3 22. Re3 Bxd5 23. cxd5 Qxh3+ 24. Kg1) 20... Nd4 $17 {[%cal Oe6h3] White must now prevent ...Bxh3!} 21. Qd1 {[#]} Qf7 {Black is more active.} (21... Bxh3 $1 $17 {[%mdl 512]} 22. Bxh3 (22. Rg3 Ngf3+) 22... Rh4) 22. Ne4 $2 {[#]} ({White should try} 22. Nd5 $11 Bxd5 23. cxd5) 22... Ndf3+ $1 {Pair of Knights!} 23. Kh1 (23. Rxf3 $17 {is a better defense.} Nxf3+ 24. Kh1) 23... Bxh3 $19 {Hoping for ...Qh5. Really sharp!} 24. Nxg5 $2 (24. Rxf3 $19 Bxg2+ 25. Kxg2 Nxf3 26. Rh1) 24... Bxg2+ 25. Kxg2 Rg4+ {Weighted Error Value: White=0.70/Black=0.30} 0-1

[Event "V Copa Marcel Duchamp 2022"]
[Site "Montevideo"]
[Date "2022.02.16"]
[Round "6.21"]
[White "Guerrero, Alvaro"]
[Black "Popov, Mark"]
[Result "1-0"]
[WhiteElo "2123"]
[BlackElo "1758"]
[Annotator "TA"]
[PlyCount "73"]
[EventDate "2022.02.12"]
[EventCountry "URU"]
[SourceTitle "playchess.com"]
[Source "ChessBase"]
[SourceQuality "1"]

{[%evp 11,73,7,31,14,22,17,23,27,22,8,57,16,66,74,63,62,76,67,61,30,108,85,106,99,101,64,83,70,91,0,82,74,318,326,566,549,566,509,561,554,542,466,781,789,771,715,708,668,747,741,1268,1279,1251,1250,1223,1199,1508,1489,1491,1473,1447,1433,1752,1648]} 1. d4 Nf6 2. c4 g6 3. Nc3 d5 4. cxd5 Nxd5 5. Na4 Bg7 6. e4 Nf6 7. f3 {D85: Exchange Grünfeld: Unusual White 7th moves and lines with 7 Nf3.} O-O 8. Be3 b6 9. Rc1 {[#] White has an edge.} Bb7 $146 ({Predecessor:} 9... Re8 10. Bc4 Na6 11. Ne2 Bb7 12. O-O Rc8 13. Qd3 Nb8 14. Qb3 e6 15. Rfd1 c6 {1-0 (39) Luehrig,W (2008)-Elias Rivas,F (1128) IECG email 2000}) 10. Bd3 Nc6 (10... Nh5 $11 {might be stronger.}) 11. Ne2 (11. Bb5 $14 Na5 12. Ne2) 11... Nh5 ({Black should play} 11... e5 $11) 12. Bb5 $14 Nb8 13. O-O c6 14. Bd3 Nd7 15. f4 {Prevents e5. Strongly threatening e5.} Rc8 (15... Ndf6 $11) 16. b4 c5 17. bxc5 bxc5 18. Nxc5 ({Of course not} 18. dxc5 Ndf6 $14) 18... Nxc5 19. dxc5 Nf6 {[#]} 20. Ng3 (20. e5 $1 $16 {[%cal Re5f6]} Qd5 21. Rf3) 20... h5 {[#]} (20... Ng4 $1 $11 21. Qxg4 Qxd3) 21. e5 $1 $36 {[%mdl 2048] Black is under strong pressure.} Qd5 $2 {This costs Black the game.} 22. Qe2 $18 {Active counter play!} Rfe8 $2 (22... Ng4) 23. Bc4 {[%cal Bd3c4,Bc4b5,Bb5e8][%mdl 32] White is clearly winning.} Qc6 24. Bb5 Qe6 25. exf6 exf6 26. Bd4 Qd5 (26... Bc6 $142 27. Qxe6 fxe6 28. Bxc6 Rxc6) 27. Bxe8 Qxd4+ 28. Rf2 h4 29. Nf1 Bf8 30. c6 Ba6 31. Qxa6 Rxe8 32. c7 Bc5 33. Rcc2 Bb6 34. c8=Q Rxc8 35. Qxc8+ Kg7 36. Kh1 h3 37. Qxh3 {Weighted Error Value: White=0.16 (very precise) /Black=0.65} 1-0

[Event "V Copa Marcel Duchamp 2022"]
[Site "Montevideo"]
[Date "2022.02.16"]
[Round "6.22"]
[White "Vieira, Alexandre Letizio"]
[Black "Pichuaga, Juan Pablo"]
[Result "0-1"]
[WhiteElo "1719"]
[BlackElo "2030"]
[Annotator "ChessBase"]
[PlyCount "104"]
[EventDate "2022.02.12"]
[EventCountry "URU"]
[SourceTitle "playchess.com"]
[Source "ChessBase"]
[SourceQuality "1"]
[TimeControl "5400+30"]

1. d4 {[%emt 0:00:30]} Nf6 {[%emt 0:02:42]} 2. Bf4 {[%emt 0:00:00]} g6 {[%emt 0:00:13]} 3. e3 {[%emt 0:00:00]} Bg7 {[%emt 0:00:10]} 4. Nf3 {[%emt 0:00:04]} d6 {[%emt 0:00:06]} 5. h3 {[%emt 0:00:28]} O-O {[%emt 0:00:14]} 6. c3 {[%emt 0:00:04]} Nbd7 {[%emt 0:00:12]} 7. Nbd2 {[%emt 0:00:15]} a6 {[%emt 0:01:02]} 8. a4 {[%emt 0:00:07]} b6 {[%emt 0:06:14]} 9. Be2 {[%emt 0:00:08]} Bb7 {[%emt 0:00:06]} 10. O-O {[%emt 0:00:05]} c5 {[%emt 0:05:51]} 11. Re1 {[%emt 0:01:18]} Qb8 {[%emt 0:08:41]} 12. Bh2 {[%emt 0:04:01]} Bc6 {[%emt 0:01:27]} 13. b4 {[%emt 0:01:32]} cxb4 {[%emt 0:14:00]} 14. cxb4 {[%emt 0:00:13]} b5 {[%emt 0:00:16]} 15. a5 {[%emt 0:04:36]} Ra7 {[%emt 0:01:11]} 16. Qb3 {[%emt 0:02:39]} Rc7 {[%emt 0:01:43]} 17. Rac1 {[%emt 0:00:31]} Rfc8 {[%emt 0:01:04]} 18. Bd3 {[%emt 0:02:26]} Bb7 {[%emt 0:04:15]} 19. Rxc7 {[%emt 0:12:35]} Qxc7 {[%emt 0:01:34]} 20. e4 {[%emt 0:00:34]} Qc3 {[%emt 0:03:22]} 21. Qb1 {[%emt 0:00:31]} Ne8 {[%emt 0:03:49]} 22. d5 {[%emt 0:02:25]} Qa3 {[%emt 0:05:09]} 23. Qb3 {[%emt 0:02:12]} Qxb3 {[%emt 0:01:11]} 24. Nxb3 {[%emt 0:00:08]} Bc3 {[%emt 0:00:16]} 25. Rc1 {[%emt 0:00:30]} Bxb4 {[%emt 0:00:52]} 26. Rxc8 {[%emt 0:00:07]} Bxc8 {[%emt 0:00:08]} 27. Bf4 {[%emt 0:00:30]} Nc5 {[%emt 0:00:28]} 28. Nxc5 {[%emt 0:00:36]} dxc5 {[%emt 0:01:18]} 29. Bd2 {[%emt 0:00:14]} Bxd2 {[%emt 0:03:05]} 30. Nxd2 {[%emt 0:00:06]} Nd6 {[%emt 0:00:19]} 31. e5 {[%emt 0:02:34]} Nb7 {[%emt 0:06:45]} 32. Ne4 {[%emt 0:00:16]} c4 {[%emt 0:00:31]} 33. Be2 {[%emt 0:01:06]} Kf8 {[%emt 0:06:51]} 34. Kf1 {[%emt 0:00:41]} Bf5 {[%emt 0:01:58]} 35. Nc3 {[%emt 0:02:03]} Nxa5 {[%emt 0:01:00]} 36. g4 {[%emt 0:00:12]} Bd3 {[%emt 0:01:37]} 37. Ke1 {[%emt 0:00:53]} Bxe2 {[%emt 0:01:22]} 38. Kxe2 {[%emt 0:00:51]} Nb3 {[%emt 0:02:24]} 39. f4 {[%emt 0:00:44]} Nc5 {[%emt 0:00:21]} 40. Ke3 {[%emt 0:00:40]} Ke8 {[%emt 0:05:34]} 41. h4 {[%emt 0:00:09]} Nb3 {[%emt 0:01:57]} 42. h5 {[%emt 0:00:10]} gxh5 {[%emt 0:01:02]} 43. gxh5 {[%emt 0:00:05]} h6 {[%emt 0:02:19]} 44. f5 {[%emt 0:02:32]} Nc5 {[%emt 0:02:48]} 45. Kd4 {[%emt 0:00:41]} Nd7 {[%emt 0:01:23]} 46. e6 {[%emt 0:01:46]} Nf6 {[%emt 0:00:32]} 47. Kc5 {[%emt 0:01:50]} fxe6 {[%emt 0:00:26]} 48. fxe6 {[%emt 0:00:16]} Nxh5 {[%emt 0:00:30]} 49. Kb6 {[%emt 0:00:17]} Nf4 {[%emt 0:00:51]} 50. Kxa6 {[%emt 0:00:11]} b4 {[%emt 0:00:10]} 51. Nb5 {[%emt 0:00:23]} Nxd5 {[%emt 0:00:15]} 52. Nd4 {[%emt 0:00:14]} b3 {[%emt 0:00:14]} 0-1

[Event "V Copa Marcel Duchamp 2022"]
[Site "Montevideo"]
[Date "2022.02.16"]
[Round "6.24"]
[White "Garcia, Luis E."]
[Black "Cordero, Daniela"]
[Result "1-0"]
[WhiteElo "2192"]
[BlackElo "2011"]
[Annotator "ChessBase"]
[PlyCount "101"]
[EventDate "2022.02.12"]
[EventCountry "URU"]
[SourceTitle "playchess.com"]
[Source "ChessBase"]
[SourceQuality "1"]
[TimeControl "5400+30"]

1. c4 {[%emt 0:00:08]} e5 {[%emt 0:00:32]} 2. d3 {[%emt 0:00:21]} Nf6 {[%emt 0:02:00]} 3. g3 {[%emt 0:00:15]} Nc6 {[%emt 0:01:56]} 4. Bg2 {[%emt 0:00:13]} Bb4+ {[%emt 0:00:49]} 5. Bd2 {[%emt 0:00:10]} Be7 {[%emt 0:00:34]} 6. Nc3 {[%emt 0:00:49]} O-O {[%emt 0:00:29]} 7. a3 {[%emt 0:01:39]} a5 {[%emt 0:02:04]} 8. e4 {[%emt 0:04:53]} d6 {[%emt 0:01:34]} 9. Nge2 {[%emt 0:00:16]} Ne8 {[%emt 0:01:47]} 10. O-O {[%emt 0:00:24]} f5 {[%emt 0:02:05]} 11. f4 {[%emt 0:00:26]} fxe4 {[%emt 0:13:05]} 12. dxe4 exf4 {[%emt 0:00:29]} 13. Bxf4 {[%emt 0:02:53]} Nf6 {[%emt 0:07:51]} 14. Qc2 {[%emt 0:04:09]} Be6 {[%emt 0:05:55]} 15. Nd5 {[%emt 0:00:31]} Qc8 {[%emt 0:03:16]} 16. b4 {[%emt 0:06:29]} axb4 {[%emt 0:02:31]} 17. Nxe7+ {[%emt 0:03:23]} Nxe7 {[%emt 0:00:07]} 18. axb4 {[%emt 0:00:17]} Rxa1 {[%emt 0:01:10]} 19. Rxa1 {[%emt 0:00:06]} Bh3 {[%emt 0:01:50]} 20. Qd3 {[%emt 0:07:58]} Bxg2 {[%emt 0:13:03]} 21. Kxg2 {[%emt 0:02:29]} Ng6 {[%emt 0:00:16]} 22. Rf1 {[%emt 0:03:34]} Qe6 {[%emt 0:10:38]} 23. Nc3 {[%emt 0:03:09]} Re8 {[%emt 0:11:25]} 24. Re1 {[%emt 0:05:45]} Nh5 {[%emt 0:04:02]} 25. Bd2 {[%emt 0:05:12]} Ne5 {[%emt 0:01:18]} 26. Qe2 {[%emt 0:02:25]} Nf6 {[%emt 0:05:46]} 27. Nd5 {[%emt 0:01:00]} Qf7 {[%emt 0:02:05]} 28. Rf1 {[%emt 0:11:52]} c6 {[%emt 0:00:44]} 29. Nxf6+ {[%emt 0:01:12]} gxf6 {[%emt 0:00:05]} 30. c5 {[%emt 0:06:07]} d5 {[%emt 0:02:43]} 31. exd5 {[%emt 0:00:28]} Qxd5+ {[%emt 0:00:06]} 32. Kg1 {[%emt 0:03:40]} Qd4+ {[%emt 0:01:02]} 33. Qf2 {[%emt 0:07:45]} Qxf2+ {[%emt 0:02:57]} 34. Rxf2 {[%emt 0:00:08]} Kf7 {[%emt 0:00:17]} 35. Bc3 {[%emt 0:00:46]} Ke6 {[%emt 0:00:08]} 36. Bxe5 {[%emt 0:00:21]} fxe5 {[%emt 0:00:10]} 37. Rd2 {[%emt 0:00:32]} Re7 {[%emt 0:00:24]} 38. Kf2 {[%emt 0:00:48]} Kf5 {[%emt 0:01:28]} 39. Kf3 {[%emt 0:01:44]} h5 {[%emt 0:00:26]} 40. Rd6 {[%emt 0:02:12]} e4+ {[%emt 0:00:45]} 41. Ke3 {[%emt 0:00:11]} Rh7 {[%emt 0:00:33]} 42. Rd8 {[%emt 0:01:45]} Re7 {[%emt 0:00:31]} 43. Rd4 {[%emt 0:02:26]} Kg4 {[%emt 0:00:28]} 44. Rxe4+ {[%emt 0:02:29]} Rxe4+ {[%emt 0:00:01]} 45. Kxe4 {[%emt 0:00:08]} Kh3 {[%emt 0:00:10]} 46. Kf3 {[%emt 0:00:11]} Kxh2 {[%emt 0:00:06]} 47. g4 {[%emt 0:00:13]} hxg4+ {[%emt 0:00:08]} 48. Kxg4 {[%emt 0:00:07]} Kg2 {[%emt 0:00:05]} 49. Kf4 {[%emt 0:00:18]} Kf2 {[%emt 0:00:05]} 50. Ke5 {[%emt 0:00:12]} Ke3 51. Kd6 {[%emt 0:00:16]} 1-0

[Event "V Copa Marcel Duchamp 2022"]
[Site "Montevideo"]
[Date "2022.02.16"]
[Round "6.25"]
[White "Siddeley, Hugh"]
[Black "Torales, Agustin"]
[Result "0-1"]
[WhiteElo "2000"]
[BlackElo "1682"]
[Annotator "ChessBase"]
[PlyCount "80"]
[EventDate "2022.02.12"]
[EventCountry "URU"]
[SourceTitle "playchess.com"]
[Source "ChessBase"]
[SourceQuality "1"]
[TimeControl "5400+30"]

1. d4 {[%emt 0:05:55]} Nf6 {[%emt 0:00:08]} 2. Nf3 {[%emt 0:00:05]} g6 {[%emt 0:00:07]} 3. Bf4 {[%emt 0:00:07]} Bg7 {[%emt 0:00:08]} 4. e3 {[%emt 0:00:05]} O-O {[%emt 0:00:05]} 5. Be2 {[%emt 0:00:07]} d6 {[%emt 0:00:14]} 6. O-O {[%emt 0:00:17]} Nbd7 {[%emt 0:00:16]} 7. c3 {[%emt 0:00:42]} Qe8 {[%emt 0:00:46]} 8. h3 {[%emt 0:00:25]} e5 {[%emt 0:03:20]} 9. Bh2 {[%emt 0:00:08]} Qe7 {[%emt 0:01:22]} 10. a4 {[%emt 0:02:35]} a5 {[%emt 0:00:08]} 11. Na3 {[%emt 0:00:16]} Ne4 {[%emt 0:03:54]} 12. Nc4 {[%emt 0:02:29]} exd4 {[%emt 0:01:53]} 13. cxd4 {[%emt 0:05:35]} Re8 {[%emt 0:07:25]} 14. Qc2 {[%emt 0:04:12]} Nb8 {[%emt 0:02:20]} 15. Rac1 {[%emt 0:05:46]} Nc6 {[%emt 0:01:16]} 16. Ncd2 {[%emt 0:06:38]} Nxd2 {[%emt 0:06:43]} 17. Qxd2 {[%emt 0:00:43]} Nb4 {[%emt 0:03:56]} 18. Ne1 {[%emt 0:07:01]} Bf5 {[%emt 0:04:27]} 19. g4 {[%emt 0:21:20]} Be4 {[%emt 0:01:39]} 20. f3 {[%emt 0:00:42]} Bc6 {[%emt 0:00:09]} 21. e4 {[%emt 0:02:38]} Bxa4 {[%emt 0:02:30]} 22. Ng2 {[%emt 0:05:01]} c5 {[%emt 0:10:13]} 23. d5 {[%emt 0:07:19]} Bd4+ {[%emt 0:00:09]} 24. Kh1 {[%emt 0:00:09]} Nxd5 {[%emt 0:02:45]} 25. b3 {[%emt 0:08:10]} Bd7 {[%emt 0:00:07]} 26. exd5 {[%emt 0:00:35]} Qxe2 {[%emt 0:00:10]} 27. Qxe2 {[%emt 0:00:30]} Rxe2 {[%emt 0:00:06]} 28. Bxd6 {[%emt 0:00:08]} b6 {[%emt 0:00:10]} 29. Bc7 {[%emt 0:00:55]} b5 {[%emt 0:02:40]} 30. Nf4 {[%emt 0:01:15]} Rb2 {[%emt 0:00:53]} 31. Rb1 {[%emt 0:00:15]} Rxb1 {[%emt 0:01:10]} 32. Rxb1 {[%emt 0:00:01]} a4 {[%emt 0:00:06]} 33. Ne2 {[%emt 0:00:53]} Bf6 {[%emt 0:02:06]} 34. Nc1 {[%emt 0:00:57]} a3 {[%emt 0:00:37]} 35. Na2 {[%emt 0:00:10]} Re8 {[%emt 0:00:04]} 36. Bd6 {[%emt 0:00:29]} Bd4 {[%emt 0:00:24]} 37. Rc1 {[%emt 0:01:03]} Re2 {[%emt 0:01:43]} 38. Nc3 {[%emt 0:00:41]} Bxc3 {[%emt 0:00:36]} 39. Rxc3 {[%emt 0:00:06]} a2 {[%emt 0:00:03]} 40. Rc1 {[%emt 0:01:48]} Rb2 {[%emt 0:00:06]} 0-1

[Event "V Copa Marcel Duchamp 2022"]
[Site "Montevideo"]
[Date "2022.02.16"]
[Round "6.26"]
[White "Escofet, Jaime"]
[Black "Lavandeira, Juan Bautista"]
[Result "0-1"]
[WhiteElo "1981"]
[BlackElo "1516"]
[Annotator "ChessBase"]
[PlyCount "66"]
[EventDate "2022.02.12"]
[EventCountry "URU"]
[SourceTitle "playchess.com"]
[Source "ChessBase"]
[SourceQuality "1"]
[TimeControl "5400+30"]

1. e4 {[%emt 0:00:03]} Nf6 {[%emt 0:00:26]} 2. e5 {[%emt 0:00:18]} Nd5 {[%emt 0:00:06]} 3. d4 {[%emt 0:00:11]} d6 {[%emt 0:00:06]} 4. c4 {[%emt 0:00:17]} Nb6 {[%emt 0:00:06]} 5. exd6 {[%emt 0:00:06]} exd6 {[%emt 0:00:08]} 6. Nc3 {[%emt 0:00:22]} Be7 {[%emt 0:00:08]} 7. Qf3 {[%emt 0:00:22]} O-O {[%emt 0:01:27]} 8. Be3 {[%emt 0:00:06]} Nc6 {[%emt 0:00:09]} 9. O-O-O {[%emt 0:00:09]} Bf6 {[%emt 0:01:16]} 10. Bd3 {[%emt 0:00:22]} Nb4 {[%emt 0:04:55]} 11. Be2 {[%emt 0:01:28]} g6 {[%emt 0:07:29]} 12. a3 {[%emt 0:01:08]} Nc6 {[%emt 0:02:32]} 13. Nh3 {[%emt 0:05:46]} Be6 {[%emt 0:06:28]} 14. b3 {[%emt 0:06:35]} d5 {[%emt 0:01:55]} 15. c5 {[%emt 0:00:51]} Nc8 {[%emt 0:01:09]} 16. Nf4 {[%emt 0:00:34]} N8e7 {[%emt 0:02:41]} 17. h4 {[%emt 0:08:11]} b6 {[%emt 0:06:56]} 18. h5 {[%emt 0:15:49]} g5 {[%emt 0:06:39]} 19. Nxe6 {[%emt 0:19:32]} fxe6 {[%emt 0:00:08]} 20. Qg4 {[%emt 0:00:30]} Nf5 {[%emt 0:03:38]} 21. Na4 {[%emt 0:03:02]} h6 {[%emt 0:06:51]} 22. Rhe1 {[%emt 0:00:35]} Qd7 {[%emt 0:14:18]} 23. Kb1 {[%emt 0:05:44]} Na5 {[%emt 0:03:00]} 24. Ka2 {[%emt 0:00:23]} Rab8 {[%emt 0:01:06]} 25. Rb1 {[%emt 0:14:04]} Nxb3 {[%emt 0:22:11]} 26. Rxb3 {[%emt 0:00:07]} Qxa4 {[%emt 0:00:30]} 27. Bb5 {[%emt 0:00:30]} Qa5 {[%emt 0:00:30]} 28. Bd7 {[%emt 0:00:30]} Qxe1 {[%emt 0:03:48]} 29. Bxe6+ {[%emt 0:07:36]} Kh8 {[%emt 0:00:30]} 30. Qxf5 {[%emt 0:00:28]} Qe2+ {[%emt 0:00:29]} 31. Ka1 {[%emt 0:03:49]} Qd1+ {[%emt 0:01:43]} 32. Ka2 {[%emt 0:00:23]} Bxd4 {[%emt 0:01:42]} 33. Bxd4+ {[%emt 0:00:17]} Qxd4 {[%emt 0:00:04]} 0-1